[Event "BSG Pinkstertoernooi 2013"]
[Site "Bussum NED"]
[Date "2013.05.17"]
[Round "1.18"]
[White "Van Leusden,Dennis"]
[Black "Ypma,P"]
[Result "0-1"]
[WhiteElo "1940"]
[BlackElo "2152"]

1.d4 g6 2.e4 Bg7 3.Nc3 c5 4.d5 d6 5.Bd3 Nf6 6.h3 Bd7 7.a4 O-O 8.Nf3 e5 9.g4 b6
10.Bg5 a6 11.Nd2 Ra7 12.Nc4 Be8 13.Qf3 Rb7 14.Na3 Bd7 15.Qe2 Ra7 16.Nc4 Qc7
17.Qf3 Ne8 18.Kd2 f6 19.Be3 Rb7 20.Na3 Qd8 21.Qe2 Nc7 22.Rag1 g5 23.b3 Rf7
24.h4 Bf8 25.hxg5 fxg5 26.Rh5 Be7 27.Rgh1 Rg7 28.f3 Be8 29.R5h3 Qd7 30.Qh2 Bg6
31.Qe2 Bd8 32.Rh6 Kf8 33.Kd1 Bf6 34.Qf1 Ke8 35.R1h2 Kd8 36.Qe2 Kc8 37.Qf1 Rg8
38.Qe2 Bg7 39.R6h3 h6 40.Qf1 Be8 41.Nc4 b5 42.Na5 Ra7 43.Kd2 Ra8 44.Nc6 Nxc6
45.dxc6 Qxc6 46.Nd5 Nxd5 47.exd5 Qxd5 48.Ke1 Kb8 49.axb5 axb5 50.Rd2 Qc6
51.Kf2 Bd7 52.c4 bxc4 53.bxc4 Rf8 54.Kg3 e4 55.Be2 Be5+ 56.Kg2 Bxg4 57.Rxh6 exf3+
58.Kg1 Qe4 59.Bxg5 f2+  0-1

[Event "Asian Continental w 2013"]
[Site "Manila PHI"]
[Date "2013.05.20"]
[Round "3.8"]
[White "Dewi,A"]
[Black "Tan Zhongyi"]
[Result "0-1"]
[WhiteElo "2155"]
[BlackElo "2483"]

1.e4 g6 2.d4 Bg7 3.Nc3 a6 4.Nf3 d6 5.a4 Nf6 6.Bc4 O-O 7.O-O Nc6 8.h3 e6 9.Bg5 h6
10.Be3 Kh7 11.Qd2 a5 12.Rad1 Nb4 13.e5 dxe5 14.dxe5 Qxd2 15.Rxd2 Nd7 16.Bf4 g5
17.Bg3 Nc5 18.h4 Kg6 19.hxg5 hxg5 20.Nd4 Rd8 21.Rfd1 b6 22.f3 Bb7 23.b3 Rd7
24.Bb5 c6 25.Bc4 Rad8 26.Nb1 Nd5 27.Kf2 Nf4 28.Bxf4 gxf4 29.Ne2 Rxd2 30.Rxd2 Rxd2
31.Nxd2 Bxe5 32.Nc1 f5 33.Ke2 Bc3 34.Nb1 Bd4 35.Nd3 Nxd3 36.Kxd3 e5 37.c3 Be3
38.b4 Kg5 39.Na3 c5 40.bxa5 bxa5 41.Bb5 e4+ 42.Ke2 Kh4 43.Nc4 Kg3 44.Nxa5 exf3+
45.gxf3 Bxf3+ 46.Ke1 Bg4 47.Nc4 Bc1 48.Ne5 f3 49.Kd1 Bf4 50.Nd7 f2+ 51.Kc2 Bh3
52.Nxc5 f1=Q 53.Bxf1 Bxf1 54.Kb3 Be3 55.Ne6 f4 56.Nxf4 Kxf4 57.Kb4 Ke5 58.c4 Kd6
59.Kb5 Kc7 60.a5 Bd4 61.a6 Be3 62.Ka5 Bxc4  0-1

[Event "Gligoric Cup 2013"]
[Site "Banja Koviljaca SRB"]
[Date "2013.05.22"]
[Round "3.5"]
[White "Skoko,Mil"]
[Black "Govedarica,R"]
[Result "1/2-1/2"]
[WhiteElo "2236"]
[BlackElo "2417"]

1.e4 g6 2.d4 Bg7 3.Nc3 c5 4.dxc5 Qa5 5.Bd2 Qxc5 6.Nd5 Na6 7.Bc3 Bxc3+ 8.Nxc3 Nf6
9.Nf3 d6 10.Bb5+ Kf8 11.Qd4 Qxd4 12.Nxd4 Nb8 13.Bd3 Nc6 14.Nde2 Kg7 15.f3 Bd7
16.O-O Rhc8 17.a3 Ne5 18.Rfd1 Rab8 19.Rd2 Bc6 20.h3 d5 21.exd5 Nxd5 22.Nxd5 Bxd5
23.Kf2 Bc4 24.f4 Nxd3+ 25.cxd3 Bb3 26.Rc1 Rxc1 27.Nxc1 Bd5 28.Ne2 h6 29.h4 Rd8
30.Nc3 g5 31.hxg5 hxg5 32.fxg5 Kg6 33.Ke3 Kxg5 34.Nxd5 Rxd5 35.Rc2 Rd7 36.Rc4 f5
37.g3 e5 38.Rc5 Kf6 39.Rc8 Rg7 40.Kf3 Ke6 41.Re8+ Re7 42.Rc8 a6 43.Ke3 Rf7
44.Re8+ Kd6 45.Rd8+ Kc5 46.Rc8+ Kb5 47.Rc4 a5 48.a4+ Kb6 49.b4 axb4 50.Rxb4+ Ka5
51.Rc4 b6 52.Rh4 Rg7 53.Kf3 Rc7 54.Rh5 Kxa4 55.Rxf5 Re7 56.Ke4 b5 57.Rf8 b4
58.Ra8+ Kb3 59.g4 Kc3 60.g5 Rb7 61.g6 b3 62.Ra3  1/2-1/2

[Event "e2e4 Sunningdale Open"]
[Site "Ascot ENG"]
[Date "2013.05.27"]
[Round "7"]
[White "Varnam,L"]
[Black "Taylor,Adam C"]
[Result "1/2-1/2"]
[WhiteElo "2118"]
[BlackElo "1961"]

1.e4 g6 2.d4 Bg7 3.Nc3 c5 4.Nf3 cxd4 5.Nxd4 Nc6 6.Be3 Nf6 7.Be2 O-O 8.O-O d6
9.Nb3 a6 10.a4 Be6 11.f4 Rc8 12.Bf3 Nd7 13.Kh1 Nb6 14.Bxb6 Qxb6 15.Nd5 Bxd5
16.exd5 Nd4  1/2-1/2

[Event "Grand Europe Open Albena"]
[Site "Albena BUL"]
[Date "2013.06.01"]
[Round "1.2"]
[White "Baciu,D"]
[Black "Petrosian,TL"]
[Result "1/2-1/2"]
[WhiteElo "2249"]
[BlackElo "2649"]

1.e4 g6 2.d4 Bg7 3.Nc3 a6 4.a4 d6 5.Nge2 Nc6 6.h3 e5 7.Be3 Nf6 8.g3 Bd7 9.Bg2 h5
10.Qd2 Qc8 11.f4 exd4 12.Nxd4 O-O 13.Nf3 Re8 14.Ng5 b5 15.axb5 axb5 16.Rxa8 Qxa8
17.O-O b4 18.Nd5 Nxd5 19.Qxd5 Rf8 20.e5 Qa5 21.Rd1 Qxd5 22.Bxd5 Nd8 23.exd6 cxd6
24.Bb6 Bf6 25.Bb3 Bxg5 26.Rxd6 Be6 27.fxg5 Bxb3 28.Rxd8 Rxd8 29.Bxd8 Bxc2  1/2-1/2

[Event "5th Capo d'Orso Open 2013"]
[Site "Porto Mannu ITA"]
[Date "2013.06.04"]
[Round "4.7"]
[White "Caoili,A"]
[Black "Blasco,D"]
[Result "1-0"]
[WhiteElo "2219"]
[BlackElo "1925"]

1.e4 g6 2.d4 Bg7 3.Nc3 a6 4.a4 b6 5.g3 Bb7 6.Bg2 d6 7.Nge2 Nd7 8.O-O e6 9.d5 e5
10.f4 exf4 11.gxf4 Qe7 12.Nd4 O-O-O 13.Nc6 Bxc6 14.dxc6 Nb8 15.Bh3+ f5 16.exf5 Nf6
17.fxg6+ Nbd7 18.cxd7+ Nxd7 19.Qd5 Kb8 20.Bg2 c6 21.Qxc6 d5 22.Nxd5 Qc5+
23.Qxc5 Nxc5 24.f5 Bd4+ 25.Kh1 hxg6 26.Bf4+ Ka7 27.Ne7  1-0

[Event "FIDE World Rapid 2013"]
[Site "Khanty-Mansiysk RUS"]
[Date "2013.06.07"]
[Round "6.23"]
[White "Ponkratov,P"]
[Black "Pridorozhni,A"]
[Result "1-0"]
[WhiteElo "2605"]
[BlackElo "2512"]

1.d4 g6 2.e4 Bg7 3.Nc3 c5 4.dxc5 Qa5 5.Bd2 Qxc5 6.Nd5 Na6 7.Nf3 e6 8.Bc3 Bxc3+
9.Nxc3 d6 10.Qd2 Nf6 11.O-O-O O-O 12.Qxd6 Qxf2 13.Qf4 Kg7 14.Bxa6 bxa6 15.Qe5 Qb6
16.Rhf1 Qb8 17.Qd4 Qb6 18.Qe5 Qb8 19.Rd6 Kg8 20.Qd4 Ne8 21.Rd8 Qb6 22.Qxb6 axb6
23.Ne5 Bb7 24.Rxa8 Bxa8 25.Nd7 Nd6 26.Rd1 Nb7 27.Nxf8 Kxf8 28.Rd7 Ke8 29.Rc7 Nd8
30.a4 h5 31.h4 f5 32.exf5 gxf5 33.g3 e5 34.Kd2 f4 35.gxf4 exf4 36.Rc4 f3
37.Ke3 Kd7 38.Rd4+ Ke8 39.Rb4 Kd7 40.Rxb6 Nf7 41.Rxa6 Bc6 42.Ra7+ Ke6 43.Nb5 Kd5  1-0

[Event "Icelandic Open Championship 2013"]
[Site "Reykjavik ISL"]
[Date "2013.06.08"]
[Round "10.5"]
[White "Thorhallsson,G"]
[Black "Gislason,G"]
[Result "0-1"]
[WhiteElo "2151"]
[BlackElo "2321"]

1.e4 g6 2.d4 Bg7 3.Nc3 a6 4.a4 d6 5.Nf3 b6 6.Bc4 e6 7.O-O Bb7 8.Bb3 Nd7 9.Re1 Ne7
10.Bf4 h6 11.Qd2 g5 12.Bg3 Ng6 13.Rad1 g4 14.e5 d5 15.Bxd5 Bxd5 16.Nxd5 gxf3
17.Nb4 O-O 18.gxf3 Qg5 19.Nc6 Qxd2 20.Rxd2 h5 21.h3 Bh6 22.Rd3 Kh8 23.Re4 Rg8
24.Kf1 Rae8 25.a5 Rg7 26.Ra3 f5 27.exf6 Nxf6 28.Re1 b5 29.Raa1 Bf4 30.Ne5 Nd5
31.Ke2 Nxe5 32.dxe5 Bxg3 33.fxg3 Rxg3 34.Rg1 Rxg1 35.Rxg1 Rg8 36.Rc1 Rg2+
37.Kd3 c5 38.c4 Nb4+ 39.Ke3 Rxb2 40.cxb5 Nd5+  0-1

[Event "FIDE World Blitz 2013"]
[Site "Khanty-Mansiysk RUS"]
[Date "2013.06.09"]
[Round "10.18"]
[White "Frolyanov,D"]
[Black "Ponkratov,P"]
[Result "1/2-1/2"]
[WhiteElo "2570"]
[BlackElo "2605"]

1.e4 g6 2.d4 Bg7 3.Nc3 d5 4.exd5 Nf6 5.Nf3 O-O 6.Bc4 a6 7.a4 Nbd7 8.a5 b5
9.axb6 Nxb6 10.Bb3 Nfxd5 11.Nxd5 Nxd5 12.O-O Bb7 13.Re1 h6 14.Ne5 e6 15.c3 Rb8
16.Bc2 Qd6 17.Qd3 c5 18.dxc5 Qc7 19.Nxg6 fxg6 20.Qxg6 Rf6 21.Qh7+ Kf7 22.b4 Qc6
23.Qe4 Nxc3 24.Qxc6 Bxc6 25.Rxa6 Bb5 26.Ra7+ Kg8 27.Bb2 Rf7 28.Bh7+ Kf8 29.Rxf7+ Kxf7
30.Bc1 Ne2+ 31.Kh1 Bc3 32.Rd1 Ba4 33.Rd3 Bxb4 34.Bxh6 Bxc5 35.Rf3+ Ke7 36.h4 Bc6
37.Bg5+ Kd6 38.Rd3+ Bd5 39.Rd2 Nd4 40.h5 e5 41.Rd1 Bf7 42.h6 Rb7 43.Be4 Rb8
44.h7 Ke6 45.f4 Rh8 46.fxe5 Bg8 47.Bf6 Bxh7 48.Bxh8 Bxe4 49.Re1 Bd5 50.Bf6 Nf5
51.Kh2 Bf2 52.Rb1 Bg3+ 53.Kg1 Ne3 54.Rb6+ Kf5 55.Rb5 Bf4 56.Rb8 Bxg2 57.Rf8 Be4
58.Bh4+ Kxe5 59.Re8+ Kd4 60.Bf6+ Kd3 61.Rxe4 Kxe4 62.Bd8 Kf3 63.Bb6 Ng4 64.Kh1 Bh2
65.Ba7  1/2-1/2

[Event "2nd Grand Europe Open 2013"]
[Site "Golden Sands BUL"]
[Date "2013.06.13"]
[Round "4.49"]
[White "Dolzhikova,O"]
[Black "Vajda,Le"]
[Result "0-1"]
[WhiteElo "2263"]
[BlackElo "2617"]

1.e4 g6 2.d4 Bg7 3.Nc3 a6 4.f4 b5 5.Nf3 Bb7 6.Bd3 e6 7.O-O b4 8.Na4 Bc6 9.c4 d6
10.d5 Bd7 11.dxe6 Bxe6 12.f5 Bd7 13.e5 gxf5 14.exd6 cxd6 15.Re1+ Kf8 16.Bf4 Ne7
17.Bc2 Nbc6 18.Bxd6 Be6 19.c5 Bf6 20.Nb6 Ra7 21.Nd5 Bxd5 22.Qxd5 Kg7 23.Qc4 Qc8
24.Rad1 Ng6 25.Qd5 Nce7 26.Qb3 a5 27.Bd3 Rd8 28.Bc4 Nc6 29.Qc2 a4 30.a3 b3
31.Qe2 Ra5 32.Rd2 Nb8 33.Bd3 Rxc5 34.Bxc5 Qxc5+ 35.Kh1 Nf4 36.Qe3 Qxe3 37.Rxe3 Bxb2
38.Bb5 Bc1 39.Rxd8 b2 40.Nd2 Bxd2 41.Re1 Bc1 42.Rxb8 b1=Q 43.g3 Nd3 44.Rf1 Ne5
45.Kg2 Qe4+  0-1

[Event "6th Sveins Memorial"]
[Site "Oslo NOR"]
[Date "2013.06.23"]
[Round "5"]
[White "Djurhuus,R"]
[Black "Johansen,St"]
[Result "1-0"]
[WhiteElo "2455"]
[BlackElo "2081"]

1.e4 g6 2.d4 Bg7 3.Nc3 a6 4.a4 b6 5.f4 Bb7 6.Nf3 d6 7.Bd3 Nd7 8.O-O e5 9.fxe5 dxe5
10.Bc4 f6 11.Be3 Qe7 12.Nd5 Qd6 13.dxe5 fxe5 14.Ng5 Bf6 15.Nf7 Kxf7 16.Nxf6+ Kg7
17.Ne8+  1-0

[Event "Visma IMA 2013"]
[Site "Vaxjo SWE"]
[Date "2013.06.27"]
[Round "2.4"]
[White "Rydstrom,Tom"]
[Black "Lokander,M"]
[Result "1-0"]
[WhiteElo "2160"]
[BlackElo "2238"]

1.e4 g6 2.d4 Bg7 3.Nc3 a6 4.f4 d5 5.Nf3 dxe4 6.Nxe4 Nf6 7.Nxf6+ exf6 8.Qe2+ Qe7
9.Qxe7+ Kxe7 10.b3 Bf5 11.c3 Be4 12.Kf2 Bxf3 13.Kxf3 b5 14.f5 Nc6 15.Bd3 Kd7
16.Be4 Rab8 17.Be3 Ne7 18.g4 h5 19.h3 Bh6 20.Rag1 Rbe8 21.Bxh6 Rxh6 22.Kf4 g5+
23.Kf3 c6 24.c4 bxc4 25.bxc4 Rb8 26.Rb1 hxg4+ 27.hxg4 Rxh1 28.Rxh1 Rb4 29.Rh7 Ra4
30.Rxf7 Ra3+ 31.Ke2 Rxa2+ 32.Ke3 Ra1 33.Rxf6 Re1+ 34.Kd3 Rd1+ 35.Kc3 Rg1
36.Rf7 Ke8 37.Rf6 Rg3+ 38.Kb4 Rxg4 39.Re6 Kf7 40.Kc5 Rf4 41.Re5 g4 42.d5 cxd5
43.cxd5 Nxd5 44.Kxd5 g3 45.Re6 Rg4 46.Bg2 Rf4 47.Ke5 Rf2 48.Bd5 Re2+ 49.Kf4 Rf2+
50.Ke5 Re2+ 51.Kd6 Rxe6+ 52.fxe6+ Ke8 53.Bc6+ Kd8 54.e7+ Kc8 55.e8=R+  1-0

[Event "III Marcel Duchamp Boca Jun Op"]
[Site "Buenos Aires ARG"]
[Date "2013.06.29"]
[Round "9.13"]
[White "Abarca Gonzalez,N"]
[Black "Calens,D"]
[Result "0-1"]
[WhiteElo "2265"]
[BlackElo "2112"]

1.e4 g6 2.d4 Bg7 3.Nc3 c5 4.dxc5 Qa5 5.Bd2 Qxc5 6.Nf3 Nf6 7.Bd3 d6 8.O-O O-O
9.Be3 Qa5 10.h3 Nc6 11.Qe2 Qh5 12.Rfd1 Be6 13.Ng5 Qxe2 14.Nxe2 Bd7 15.c3 Ne5
16.Bc2 h6 17.Nf3 Nxf3+ 18.gxf3 Bxh3 19.Nf4 Bd7 20.Bb3 Kh7 21.a4 Bc6 22.a5 a6
23.Ne2 Rac8 24.Kg2 Bb5 25.Ng3 h5 26.Bg5 Bc4 27.Ba4 Rc5 28.Be3 Rxa5 29.b3 h4
30.Rh1 Kg8 31.Bb6 Rxa4 32.Rxa4 Bb5 33.Ra2 hxg3 34.c4 Bc6 35.Re1 gxf2 36.Bxf2 Nh5
37.Bh4 Bf6 38.Bxf6 Nxf6 39.e5 dxe5 40.Rxe5 e6 41.Rd2 Kg7 42.b4 Rh8 43.Rd4 Rh5
44.Re3 Rf5 45.Rc3 e5 46.Rh4 g5 47.Rh3 g4 48.Rh2 gxf3+ 49.Kf1 Ng4 50.Rh4 Rf4
51.Rh5 Kg6 52.Rh8 f2 53.Rg3 Rxc4 54.Rg8+ Kf5  0-1

[Event "Geneva Open A 2013"]
[Site "Geneva SUI"]
[Date "2013.06.29"]
[Round "8.4"]
[White "Mamedjarova,T"]
[Black "Cherniaev,A1"]
[Result "1/2-1/2"]
[WhiteElo "2249"]
[BlackElo "2447"]

1.e4 g6 2.d4 Bg7 3.Nc3 a6 4.Be3 d6 5.Qd2 Nd7 6.O-O-O b5 7.h4 Bb7 8.a3 h6
9.f3 e6 10.h5 g5 11.f4 gxf4 12.Bxf4 Bxd4 13.Qxd4 e5 14.Bxe5 Qg5+ 15.Kb1 Qxe5
16.Qf2 Qc5 17.Qf4 Ngf6 18.Be2 O-O-O 19.Bf3 Rdg8 20.Nge2 Qg5 21.Nd5 Bxd5 22.exd5 Qxf4
23.Nxf4 Ne5 24.Rhf1 Nfd7 25.b3 Rg3 26.Rd4 Nxf3 27.Rxf3 Rxf3 28.gxf3 Ne5 29.Nd3 Nxf3
30.Rf4 Ng5 31.Nb4 Kb7 32.Kb2 Kb6 33.Rf6 Ne4 34.Rxf7 Ng3 35.a4 Nxh5 36.Nd3 bxa4
37.bxa4 a5 38.c4 Ng3 39.c5+ dxc5 40.Rf6+ Ka7 41.Nxc5 h5 42.Ra6+ Kb8 43.Nd7+  1/2-1/2

[Event "22nd Anderssen Mem Eliminacje"]
[Site "Wroclaw POL"]
[Date "2013.06.29"]
[Round "3"]
[White "Zawadzka,J"]
[Black "Walentukiewicz,M"]
[Result "1/2-1/2"]
[WhiteElo "2391"]
[BlackElo "2121"]

1.e4 g6 2.d4 Bg7 3.Nc3 c5 4.d5 d6 5.Nf3 Nf6 6.Bc4 O-O 7.O-O Bg4 8.h3 Bxf3
9.Qxf3 Nfd7 10.Qe2 Ne5 11.a4 Nxc4 12.Qxc4 Na6 13.Bg5 Nc7 14.Kh1 Qd7 15.Rae1 Rab8
16.f4 a6 17.Nd1 b5 18.axb5 axb5 19.Qe2 b4 20.c3 bxc3 21.bxc3 e6 22.dxe6 Nxe6
23.Bh4 Nc7 24.Qd2 d5 25.e5 f6 26.exf6 Bxf6 27.Bxf6 Rxf6 28.Ne3 Rff8 29.Ng4 Rbe8
30.Rxe8 Qxe8 31.Re1 Qd8 32.Re5 h5 33.Nf2 Re8 34.Qe2 Rxe5 35.Qxe5 Qd7 36.Nd3 c4
37.Nb4 Kf7 38.Kh2 Qe7 39.Qd4 Qd6 40.g3 h4 41.gxh4 Qf6 42.Qe3 Qxh4 43.Nc6 Ne6
44.Ne5+ Kf6 45.Ng4+ Ke7 46.Qa7+ Ke8 47.Qa8+ Qd8 48.Qc6+ Ke7 49.Kg3 Qc7  1/2-1/2

[Event "22nd Anderssen Mem Eliminacje"]
[Site "Wroclaw POL"]
[Date "2013.06.29"]
[Round "8"]
[White "Grela,K"]
[Black "Walentukiewicz,M"]
[Result "1-0"]
[WhiteElo "2003"]
[BlackElo "2121"]

1.e4 g6 2.d4 Bg7 3.Nc3 c5 4.dxc5 Qa5 5.Bd2 Qxc5 6.Nf3 d6 7.Bd3 Nf6 8.O-O O-O
9.Qe2 Qc7 10.Rae1 Nc6 11.Nd5 Nxd5 12.exd5 Ne5 13.Nxe5 Bxe5 14.c3 Bf6 15.b3 Bd7
16.c4 a6 17.f4 b5 18.f5 bxc4 19.bxc4 Rab8 20.Bh6 Rfe8 21.fxg6 hxg6 22.Qf3 Rb2
23.h4 Qd8 24.h5 Kh7 25.Be3 Kg7 26.hxg6 fxg6 27.Qg3  1-0

[Event "4th ch-Vojvodina Int"]
[Site "Novi Sad SRB"]
[Date "2013.06.30"]
[Round "4.19"]
[White "Beslin,Igor"]
[Black "Kokeza,M"]
[Result "0-1"]
[WhiteElo "2048"]
[BlackElo "2315"]

1.e4 g6 2.d4 Bg7 3.Nc3 c5 4.Nf3 cxd4 5.Nxd4 Nc6 6.Be3 Nf6 7.Bc4 Qa5 8.O-O O-O
9.h3 d6 10.Qd2 Qb4 11.Nxc6 bxc6 12.Bb3 Nxe4 13.Nxe4 Qxe4 14.Rfe1 Qf5 15.Bh6 Bxh6
16.Qxh6 e6 17.Re3 Qf6 18.c3 Rb8 19.Rf3 Qg7 20.Qf4 Rd8 21.Rd1 Qf8 22.Rfd3 e5
23.Qxe5 Bg4 24.Rxd6 Bxd1 25.Rxd1 Rxd1+ 26.Bxd1 Re8 27.Qd4 Qg7 28.Qd7 Re1+
29.Kh2 Qe5+ 30.g3 Qe4 31.f3 Qe3  0-1

[Event "Opatija Open A 2013"]
[Site "Opatija CRO"]
[Date "2013.07.03"]
[Round "5.9"]
[White "Juranic,B"]
[Black "Tica,Sven"]
[Result "0-1"]
[WhiteElo "2184"]
[BlackElo "2037"]

1.e4 g6 2.d4 Bg7 3.Nc3 c5 4.dxc5 Bxc3+ 5.bxc3 Qa5 6.Ne2 Nf6 7.e5 Ne4 8.Qd5 Nxc5
9.Be3 Nba6 10.f3 d6 11.exd6 Bf5 12.Rd1 O-O-O 13.Qxf7 exd6 14.Qc4 Bxc2 15.Rd2 b5
16.Qd5 Nc7 17.Qd4 Qxa2 18.Qg4+ Kb7 19.Nd4 Qb1+ 20.Kf2 Bf5 21.Nxf5 gxf5 22.Qb4 Qxb4
23.cxb4 N5e6 24.Ra2 a6 25.Bd3 Rhf8 26.g3 Nd5 27.Bd2 Nd4 28.h4 Nc6 29.Rb2 Ne5
30.Be2 Nb6 31.Bg5 Rd7 32.Rd2 d5 33.Rhd1 Nc6 34.Rb1 d4 35.Bd3 Nd5 36.Rdb2 Ne5
37.Rd2 Nc3 38.Re1 Nc4 39.Bxc4 bxc4 40.Rc1 Kc6 41.Bf4 Re8 42.Bg5 Re6 43.Ra1 Kb6
44.Rc1 Red6 45.Bf4 Rd5 46.Re1 Kb5 47.Re6 d3 48.Be3 R7d6 49.Re7 Ka4 50.Bc5 Rc6
51.Re1 Kb3 52.Rc1 a5 53.Bf8 axb4 54.Ra1 Re6 55.Bg7 Re2+ 56.Rxe2 dxe2 57.Bxc3 Kxc3
58.Kxe2 Kb2 59.Ra4 Kb3 60.Ra7 c3 61.Rxh7 c2 62.Rc7 Kb2 63.h5 c1=Q 64.Rxc1 Kxc1
65.g4 fxg4 66.fxg4 b3 67.h6 b2  0-1

[Event "120th ch-SCO 2013"]
[Site "Helensburgh SCO"]
[Date "2013.07.10"]
[Round "5.7"]
[White "Jones,G"]
[Black "Green,An"]
[Result "1-0"]
[WhiteElo "2643"]
[BlackElo "2160"]

1.e4 c5 2.Nc3 g6 3.d4 Bg7 4.dxc5 Bxc3+ 5.bxc3 Qa5 6.Qd4 Nf6 7.Qb4 Nc6 8.Qxa5 Nxa5
9.Bd3 b6 10.cxb6 axb6 11.Ne2 d5 12.exd5 Nxd5 13.Nf4 Nxf4 14.Bxf4 O-O 15.Bc7 Bb7
16.O-O Rfc8 17.Bxb6 Rxc3 18.Rfb1 Nc6 19.f3 f5 20.Be3 Bc8 21.Rb3 Rxb3 22.Bc4+ Kg7
23.cxb3 Nb4 24.Bc5 Nc2 25.Rc1 Rxa2 26.Bd3  1-0

[Event "7th LCT 2013"]
[Site "Leiden NED"]
[Date "2013.07.12"]
[Round "1.16"]
[White "Pijpers,A"]
[Black "Bakker,Joo"]
[Result "1-0"]
[WhiteElo "2338"]
[BlackElo "1990"]

1.e4 g6 2.d4 Bg7 3.Nc3 d5 4.Nxd5 c6 5.Nf4 Qxd4 6.Qxd4 Bxd4 7.Nf3 Bg7 8.e5 Bg4
9.e6 Bxf3 10.exf7+ Kxf7 11.Bc4+ Kf6 12.gxf3 Nd7 13.Be3 Nb6 14.Bb3 e5 15.O-O-O Bh6
16.Rd6+ Ke7 17.Re6+ Kd7 18.Rd1+ Kc7 19.Rxe5 Bxf4 20.Bxf4  1-0

[Event "12th Condom Open"]
[Site "Condom FRA"]
[Date "2013.07.15"]
[Round "3.8"]
[White "Daulyte,D"]
[Black "Cocquyt,T"]
[Result "1-0"]
[WhiteElo "2363"]
[BlackElo "2063"]

1.e4 g6 2.d4 Bg7 3.Nc3 c5 4.Nf3 cxd4 5.Nxd4 Nc6 6.Be3 d6 7.Qd2 Nf6 8.f3 Bd7
9.g4 Nxd4 10.Bxd4 Qa5 11.O-O-O O-O 12.Kb1 e5 13.Be3 Rfc8 14.Nd5 Qd8 15.h4 Nxd5
16.Qxd5 Be6 17.Qd2 Qc7 18.h5 Rd8 19.hxg6 fxg6 20.Bg5 Rd7 21.Bb5 Rf7 22.Qxd6 Bxa2+
23.Kxa2 Qa5+ 24.Kb1 Qxb5 25.Rd3 Rc8 26.Qe6 Re8 27.Qa2 Qb6 28.Rd7 Rf8 29.Rhd1 Bf6
30.Rxf7 Rxf7 31.Rd7 Qg1+ 32.Bc1  1-0

[Event "Czech Open G1 Rapid 2013"]
[Site "Pardubice CZE"]
[Date "2013.07.18"]
[Round "9.14"]
[White "Turner,Ja"]
[Black "Chernyshov,K"]
[Result "0-1"]
[WhiteElo "2362"]
[BlackElo "2514"]

1.e4 g6 2.d4 Bg7 3.Nc3 a6 4.f4 b5 5.Nf3 b4 6.Na4 d6 7.Bd3 Bd7 8.c4 bxc3 9.Nxc3 Nc6
10.Be3 Rb8 11.Qd2 Nb4 12.Be2 Qc8 13.O-O Nf6 14.d5 a5 15.a3 Na6 16.e5 Ng4
17.Bd4 O-O 18.Ne4 Bb5 19.h3 Nh6 20.Bxb5 Rxb5 21.Nc3 Rb8 22.g4 Kh8 23.f5 gxf5
24.exd6 cxd6 25.Bxg7+ Kxg7 26.Qg5+ Kh8 27.Qxh6 Rg8 28.Ng5 Rg7 29.Rxf5 f6
30.Ne6 Rg6 31.Qd2 Nc5 32.Nxc5 Qxf5 33.Rf1 Qe5 34.Nd3 Qg3+  0-1

[Event "Horsens Lang Weekend 2013"]
[Site "Horsens DEN"]
[Date "2013.07.19"]
[Round "3.6"]
[White "Olsen,P"]
[Black "Rasmussen,Kar"]
[Result "1-0"]
[WhiteElo "2194"]
[BlackElo "2425"]

1.d4 g6 2.e4 Bg7 3.Nc3 c5 4.d5 d6 5.Nf3 Nf6 6.h3 O-O 7.Bf4 a6 8.a4 Nh5 9.Bh2 Qb6
10.Rb1 Qb4 11.Bd3 b5 12.axb5 axb5 13.O-O c4 14.Be2 Qc5 15.Qd2 Nd7 16.b4 cxb3
17.Rxb3 b4 18.Nb5 Ra4 19.Rfb1 Ba6 20.Rxb4 Rxb4 21.Qxb4 Qxc2 22.Nbd4 Qa2 23.Bxa6 Qxa6
24.Nc6 Bf6 25.g4 Qe2 26.Kg2 Kh8 27.gxh5 gxh5 28.h4 Nc5 29.Re1 Qc2 30.Qb1 Qxb1
31.Rxb1 Nxe4 32.Rb7 Re8 33.Bf4 Nc3 34.Bg5 Bxg5 35.Nxg5 f6 36.Nf7+ Kg8 37.Nh6+ Kf8
38.Nb4 Ne4 39.Nf5 Nc5 40.Ra7 Rb8 41.Nc6 Rb2 42.Rxe7 Nd3 43.Ncd4 Nxf2 44.Ne6+ Kg8
45.Nh6+ Kh8 46.Re8+  1-0

[Event "65th ch-MNE 2013"]
[Site "Cetinje SRB"]
[Date "2013.07.21"]
[Round "2.10"]
[White "Kosic,D"]
[Black "Djukanovic,M"]
[Result "1-0"]
[WhiteElo "2490"]
[BlackElo "1777"]

1.d4 g6 2.e4 Bg7 3.Nc3 c5 4.d5 d6 5.Nf3 a6 6.a4 e5 7.dxe6 Bxe6 8.Ng5 Nc6
9.Nxe6 fxe6 10.Bc4 Bxc3+ 11.bxc3 Qf6 12.Ra3 Ne5 13.Ba2 Nf7 14.Qg4 h5 15.Qxe6+ Qxe6
16.Bxe6 Nf6 17.O-O Ke7 18.Bxf7 Kxf7 19.Rb3 Rab8 20.f3 b5 21.axb5 axb5 22.Bf4 Rb6
23.Rd1 c4 24.Ra3 Ke6 25.Ra7 Rh7 26.Ra8 Rf7 27.Be3 Rbb7 28.Ra6 Rfd7 29.Bc5 Ne8
30.Bb4 Ra7 31.Rda1 Rxa6 32.Rxa6 Nc7 33.Rb6 Na8 34.Rxb5 Ra7 35.Rg5 Kf6 36.Rd5  1-0

[Event "DSK GM Open 2013"]
[Site "Cape Town RSA"]
[Date "2013.07.24"]
[Round "5.7"]
[White "Cawdery,D"]
[Black "De Villiers,C"]
[Result "1-0"]
[WhiteElo "2345"]
[BlackElo "2255"]

1.e4 g6 2.d4 Bg7 3.Nc3 a6 4.Nf3 d6 5.a4 Nf6 6.h3 O-O 7.Be3 Nc6 8.d5 Nb8 9.Bc4 e5
10.g4 c6 11.Qd3 cxd5 12.Nxd5 Nxd5 13.Bxd5 Nc6 14.Qa3 Ne7 15.Ba2 b5 16.Rd1 Bb7
17.Rxd6 Qa5+ 18.b4 Qc7 19.Bc5 Bxe4 20.O-O bxa4 21.Ng5 Bc6 22.Nxf7 Rxf7 23.Bxf7+ Kxf7
24.Qa2+ Ke8 25.Re6  1-0

[Event "III Brazil Maringa Open"]
[Site "Maringa BRA"]
[Date "2013.07.28"]
[Round "8.20"]
[White "Diaz,Fe"]
[Black "Goncalves,I"]
[Result "1/2-1/2"]
[WhiteElo "2017"]
[BlackElo "2169"]

1.e4 g6 2.d4 Bg7 3.Nc3 a6 4.a4 d6 5.Be3 Nf6 6.f3 O-O 7.Qd2 Nc6 8.Bc4 e5 9.d5 Na5
10.Ba2 b5 11.b4 Nc4 12.Bxc4 bxc4 13.Nge2 Rb8 14.Rb1 Bd7 15.O-O Nh5 16.g4 Nf4
17.Nxf4 exf4 18.Bxf4 Qf6 19.Ne2 Bxa4 20.g5  1/2-1/2

[Event "5th Rethymno Open"]
[Site "Rethymno GRE"]
[Date "2013.07.29"]
[Round "2.14"]
[White "Papadopoulos,Geo3"]
[Black "Skembris,S"]
[Result "1/2-1/2"]
[WhiteElo "2072"]
[BlackElo "2458"]

1.e4 g6 2.d4 Bg7 3.Nc3 c5 4.Be3 Qa5 5.Ne2 Nf6 6.f3 d5 7.e5 Nfd7 8.f4 e6 9.Qd2 c4
10.g4 h5 11.gxh5 Rxh5 12.Ng3 Rh4 13.Nce4 Qxd2+ 14.Nxd2 Nc6 15.Nf3 Rh8 16.h4 Ne7
17.h5 Nf5 18.Nxf5 exf5 19.Bg2 gxh5 20.Nh4 Nb6 21.Bh3 Bf8 22.Bxf5 a5 23.c3 Be7
24.Bxc8 Nxc8 25.O-O-O Ra6 26.f5 Bxh4 27.Rxh4 Ne7 28.Rf1 Rh7 29.Bg5 Ra8 30.Kd2 b5
31.a3 Kd7 32.Bxe7 Kxe7 33.Rg1 Rb8 34.Rg5 Rbh8  1/2-1/2

[Event "VIII Vladimir Dvorkovich Open"]
[Site "Taganrog RUS"]
[Date "2013.07.29"]
[Round "8.9"]
[White "Petrov,Ar"]
[Black "Shubny,Aleksandr"]
[Result "1-0"]
[WhiteElo "2402"]
[BlackElo "2036"]

1.e4 g6 2.d4 Bg7 3.Nc3 a6 4.h4 c5 5.d5 b5 6.h5 d6 7.a4 b4 8.Nb1 Nd7 9.Nd2 Ngf6
10.hxg6 hxg6 11.Rxh8+ Bxh8 12.Ngf3 Ng4 13.a5 Nde5 14.Nxe5 Bxe5 15.Be2 Nh6
16.Nc4 Bg7 17.Bg5 Bb7 18.Qd2 Ng8 19.f4 Qc7 20.Bf3 O-O-O 21.c3 Kb8 22.cxb4 Bd4
23.Rc1 Qd7 24.bxc5 dxc5 25.Bh4 f5 26.e5 Qb5 27.d6 Bxf3 28.gxf3 Qb7 29.Ke2 Rf8
30.Bf2 exd6 31.Bxd4 cxd4 32.Nxd6 Qd5 33.Qb4+ Ka8 34.Rc5  1-0

[Event "100th ch-GBR 2013"]
[Site "Torquay ENG"]
[Date "2013.07.29"]
[Round "1.33"]
[White "Mackle,Dominic"]
[Black "Freeman,R"]
[Result "1-0"]
[WhiteElo "2216"]
[BlackElo "2030"]

1.d4 g6 2.e4 Bg7 3.Nc3 c5 4.d5 d6 5.Nf3 Nf6 6.Be2 O-O 7.O-O e6 8.Nd2 exd5
9.exd5 Na6 10.Nc4 Nc7 11.a4 b6 12.Bf4 Ba6 13.Bxd6 Bxc4 14.Bxc7 Bxe2 15.Bxd8 Bxd1
16.Bxf6 Bxc2 17.Be7 Rfe8 18.d6 Bxc3 19.bxc3 Kg7 20.Rfc1 Bf5 21.c4 a5 22.f3 f6
23.Kf2 Kf7 24.Ke3 Bd7 25.Kd2 Rab8 26.Kc3 Rb7 27.Re1 Bc6 28.Kb3 Bd7 29.Re3 Bc6
30.Rae1 Bd7 31.Re4 Bc6 32.Re6 f5 33.g4 Bd7 34.gxf5 gxf5 35.Rf6+ Kg7 36.Rg1+ Kh8
37.Rf7  1-0

[Event "5th Rethymno Open"]
[Site "Rethymno GRE"]
[Date "2013.07.31"]
[Round "5.25"]
[White "Soukos,K"]
[Black "Delis,G"]
[Result "1-0"]
[WhiteElo "2142"]
[BlackElo "1852"]

1.e4 c5 2.Nc3 g6 3.d4 Bg7 4.dxc5 Qa5 5.Bd2 Qxc5 6.Nd5 Bxb2 7.Bb4 Qd4 8.Rb1 Qxe4+
9.Be2 Be5 10.Nf3 Nf6 11.Nxe7 a5 12.Ba3 Bc3+ 13.Kf1 Nc6 14.Rb3 Nxe7 15.Rxc3 Nfd5
16.Rc4 Qf5 17.Rd4 O-O 18.g4 Qf6 19.Rxd5 Nxd5 20.Bxf8 Nc3 21.Qd6 Qxd6 22.Bxd6 Nxe2
23.Kxe2 b5 24.Nd4 Bb7 25.f3 Rc8 26.Kd3 b4 27.Re1 Rc3+ 28.Kd2 f6 29.Re8+ Kg7
30.Re7+ Kg8 31.Rxd7 Bxf3 32.Nxf3 Rxf3 33.Ra7 Ra3 34.Bc7 Rxa2 35.Rxa5 b3 36.Rc5 Kf7
37.Rc3 bxc2 38.Rxc2 Ra4 39.h3 Ra3 40.Rc3 Rxc3 41.Kxc3 h5 42.gxh5 g5 43.Kd4 Kg7
44.Ke4 Kh6 45.Kf5 Kxh5 46.Bg3 Kh6 47.Kxf6 Kh5 48.Kf5 Kh6 49.Kg4 Kg6 50.Bf2 Kh6
51.Be3 Kg6  1-0

[Event "Politiken Cup 2013"]
[Site "Helsingor DEN"]
[Date "2013.08.03"]
[Round "9.67"]
[White "Borg,F"]
[Black "Poulsen,I"]
[Result "0-1"]
[WhiteElo "1855"]
[BlackElo "2087"]

1.e4 g6 2.d4 Bg7 3.Nc3 c5 4.Be3 Qa5 5.Qd2 cxd4 6.Bxd4 Bxd4 7.Qxd4 Nf6 8.O-O-O Nc6
9.Qd2 d6 10.f3 Be6 11.Kb1 O-O 12.Nd5 Bxd5 13.Qxa5 Nxa5 14.exd5 Rfc8 15.Ne2 b5
16.Nc3 a6 17.g4 Nc4 18.Bxc4 Rxc4 19.Rhe1 Kf8 20.Ne4 Nxe4 21.Rxe4 Rac8 22.Rxc4 Rxc4
23.c3 Rf4 24.Rd3 f5 25.gxf5 Rxf5 26.Kc2 Rh5 27.Rd2 Rf5 28.Rd3 Kf7 29.Kd2 Rh5
30.Ke3 Rxh2 31.Rd2 Rxd2 32.Kxd2 Kf6 33.Ke3 Ke5  0-1

[Event "Politiken Cup 2013"]
[Site "Helsingor DEN"]
[Date "2013.08.04"]
[Round "10.73"]
[White "Skovgaard,T"]
[Black "Johansen,St"]
[Result "1/2-1/2"]
[WhiteElo "1962"]
[BlackElo "2085"]

1.e4 g6 2.d4 Bg7 3.Nc3 a6 4.Nf3 b5 5.a4 b4 6.Ne2 Bb7 7.Ng3 d6 8.Bd3 Nd7 9.c3 a5
10.O-O c5 11.Re1 Rc8 12.Bb5 Bc6 13.Bxc6 Rxc6 14.e5 d5 15.dxc5 Nxc5 16.Nd4  1/2-1/2